[Event "Russian Championship (men blitz)"]
[Site "Sochi"]
[Date "2017.10.02"]
[Round "2.9"]
[White "Murtazin, Ruslan"]
[Black "Bocharov, Dmitry"]
[Result "0-1"]
[LiveChessVersion "1.4.8"]
[BlackElo "2653"]
[WhiteElo "2200"]

1. e4 {[%clk 0:03:02]} d6 {[%clk 0:03:02]} 2. d4 {[%clk 0:03:03]} Nf6
{[%clk 0:03:03]} 3. Nc3 {[%clk 0:03:04]} g6 {[%clk 0:03:04]} 4. f3
{[%clk 0:02:58]} a6 {[%clk 0:03:04]} 5. Be3 {[%clk 0:02:56]} b5 {[%clk 0:03:04]}
6. Qd2 {[%clk 0:02:56]} Bb7 {[%clk 0:03:03]} 7. h4 {[%clk 0:02:57]} h5
{[%clk 0:03:02]} 8. O-O-O {[%clk 0:02:46]} Nbd7 {[%clk 0:03:03]} 9. Nh3
{[%clk 0:02:28]} Bg7 {[%clk 0:03:03]} 10. Nf2 {[%clk 0:02:21]} c5
{[%clk 0:03:01]} 11. dxc5 {[%clk 0:02:03]} dxc5 {[%clk 0:02:46]} 12. Nd5
{[%clk 0:01:42]} Bxd5 {[%clk 0:02:07]} 13. exd5 {[%clk 0:01:42]} O-O
{[%clk 0:01:45]} 14. g4 {[%clk 0:01:34]} Nb6 {[%clk 0:01:46]} 15. Bxc5
{[%clk 0:01:14]} Na4 {[%clk 0:01:37]} 16. Bd4 {[%clk 0:01:02]} Qxd5
{[%clk 0:01:36]} 17. b3 {[%clk 0:00:35]} Nc5 {[%clk 0:01:30]} 18. gxh5
{[%clk 0:00:30]} Nxh5 {[%clk 0:01:21]} 19. Bxg7 {[%clk 0:00:20]} Qxd2+
{[%clk 0:01:21]} 20. Rxd2 {[%clk 0:00:21]} Kxg7 {[%clk 0:01:21]} 21. Rg1
{[%clk 0:00:07]} Rac8 {[%clk 0:01:14]} 22. Ne4 {[%clk 0:00:04]} Nxe4
{[%clk 0:01:07]} 23. fxe4 {[%clk 0:00:05]} Rc7 {[%clk 0:01:08]} 24. Bh3
{[%clk 0:00:04]} Rh8 {[%clk 0:01:07]} 25. Rd7 {[%clk 0:00:03]} Rxd7
{[%clk 0:01:06]} 26. Bxd7 {[%clk 0:00:04]} Nf6 {[%clk 0:01:00]} 27. Bc6
{[%clk 0:00:03]} Rxh4 {[%clk 0:01:00]} 28. Bb7 {[%clk 0:00:03]} a5
{[%clk 0:01:01]} 29. Rg5 {[%clk 0:00:04]} Rh5 {[%clk 0:00:57]} 30. Rg3
{[%clk 0:00:04]} Re5 {[%clk 0:00:53]} 31. Kd2 {[%clk 0:00:03]} Nxe4+
{[%clk 0:00:50]} 32. Bxe4 {[%clk 0:00:03]} Rxe4 {[%clk 0:00:51]} 33. Rg5
{[%clk 0:00:04]} f5 {[%clk 0:00:52]} 34. Kd3 {[%clk 0:00:04]} Kf6
{[%clk 0:00:52]} 35. Rg1 {[%clk 0:00:05]} b4 {[%clk 0:00:50]} 36. Rh1
{[%clk 0:00:05]} e5 {[%clk 0:00:49]} 37. Rh8 {[%clk 0:00:05]} Rd4+
{[%clk 0:00:50]} 38. Ke2 {[%clk 0:00:04]} Rd5 {[%clk 0:00:49]} 39. Ra8
{[%clk 0:00:03]} Rc5 {[%clk 0:00:45]} 40. Kd2 {[%clk 0:00:03]} f4
{[%clk 0:00:44]} 41. Kd3 {[%clk 0:00:03]} Kf5 {[%clk 0:00:44]} 42. Rf8+
{[%clk 0:00:03]} Kg4 {[%clk 0:00:44]} 43. Rg8 {[%clk 0:00:03]} g5
{[%clk 0:00:45]} 44. Kd4 0-1

[Event "Russian Championship (men blitz)"]
[Site "Sochi"]
[Date "2017.10.02"]
[Round "3.8"]
[White "Morozevich, Alexander"]
[Black "Gochelashvili, David"]
[Result "0-1"]
[LiveChessVersion "1.4.8"]
[BlackElo "2440"]
[WhiteElo "2642"]

1. d4 {[%clk 0:03:03]} g6 {[%clk 0:03:03]} 2. h4 {[%clk 0:03:00]} h6
{[%clk 0:02:56]} 3. e4 {[%clk 0:03:00]} Bg7 {[%clk 0:02:56]} 4. Nc3
{[%clk 0:03:01]} d5 {[%clk 0:02:57]} 5. exd5 {[%clk 0:02:56]} Nf6
{[%clk 0:02:58]} 6. Bc4 {[%clk 0:02:53]} Nbd7 {[%clk 0:02:59]} 7. Bb3
{[%clk 0:02:44]} Nb6 {[%clk 0:02:58]} 8. Qf3 {[%clk 0:02:35]} a5 {[%clk 0:02:50]}
9. a4 {[%clk 0:02:35]} O-O {[%clk 0:02:39]} 10. Bf4 {[%clk 0:02:33]} Re8
{[%clk 0:02:32]} 11. Be5 {[%clk 0:02:31]} Bg4 {[%clk 0:02:02]} 12. Qg3
{[%clk 0:02:29]} Qd7 {[%clk 0:02:02]} 13. f3 {[%clk 0:02:22]} Bf5
{[%clk 0:01:56]} 14. Nge2 {[%clk 0:02:23]} Nfxd5 {[%clk 0:01:52]} 15. Nxd5
{[%clk 0:02:22]} Nxd5 {[%clk 0:01:53]} 16. Bxg7 {[%clk 0:02:21]} Kxg7
{[%clk 0:01:54]} 17. Qe5+ {[%clk 0:02:13]} Nf6 {[%clk 0:01:53]} 18. g4
{[%clk 0:02:11]} Be6 {[%clk 0:01:27]} 19. g5 {[%clk 0:02:11]} Bxb3
{[%clk 0:01:27]} 20. cxb3 {[%clk 0:02:12]} Ra6 {[%clk 0:01:28]} 21. Rh2
{[%clk 0:01:39]} Re6 {[%clk 0:01:27]} 22. gxf6+ {[%clk 0:01:37]} exf6
{[%clk 0:01:27]} 23. Qf4 {[%clk 0:01:20]} Qe7 {[%clk 0:00:56]} 24. Qd2
{[%clk 0:01:21]} Qd6 {[%clk 0:00:57]} 25. Rg2 {[%clk 0:01:09]} Qd5
{[%clk 0:00:51]} 26. O-O-O {[%clk 0:01:09]} Qxf3 {[%clk 0:00:48]} 27. Nc3
{[%clk 0:01:09]} Re3 {[%clk 0:00:29]} 28. Rf2 {[%clk 0:00:57]} Qg4
{[%clk 0:00:23]} 29. Rdf1 {[%clk 0:00:56]} Qxh4 {[%clk 0:00:21]} 30. Kb1
{[%clk 0:00:50]} f5 {[%clk 0:00:20]} 31. Ka2 {[%clk 0:00:52]} c6 {[%clk 0:00:21]}
32. d5 {[%clk 0:00:52]} cxd5 {[%clk 0:00:09]} 33. Qxd5 {[%clk 0:00:52]} Qb4
{[%clk 0:00:07]} 34. Rf4 {[%clk 0:00:50]} Qe7 {[%clk 0:00:05]} 35. Qxa5
{[%clk 0:00:48]} h5 {[%clk 0:00:04]} 36. Nd5 {[%clk 0:00:48]} Qe5
{[%clk 0:00:05]} 37. Qb5 {[%clk 0:00:06]} Re2 {[%clk 0:00:06]} 38. Rb1
{[%clk 0:00:07]} Rd8 {[%clk 0:00:07]} 39. Rff1 {[%clk 0:00:04]} Rxd5
{[%clk 0:00:08]} 40. Qxb7 {[%clk 0:00:05]} Rdd2 {[%clk 0:00:09]} 41. Ka3
{[%clk 0:00:04]} Rxb2 {[%clk 0:00:07]} 42. Rxb2 Qxb2+ 43. Kb4 {[%clk 0:00:00]}
Qd4+ {[%clk 0:00:07]} 44. Ra1 0-1

[Event "Russian Championship (men blitz)"]
[Site "Sochi"]
[Date "2017.10.02"]
[Round "3.9"]
[White "Korchmar, Vasiliy"]
[Black "Sjugirov, Sanan"]
[Result "0-1"]
[LiveChessVersion "1.4.8"]
[BlackElo "2637"]
[WhiteElo "2432"]

1. d4 {[%clk 0:03:03]} d6 {[%clk 0:03:03]} 2. e4 {[%clk 0:03:03]} g6
{[%clk 0:03:03]} 3. Nc3 {[%clk 0:03:03]} Bg7 {[%clk 0:03:04]} 4. f4
{[%clk 0:03:03]} a6 {[%clk 0:02:57]} 5. Nf3 {[%clk 0:03:03]} b5 {[%clk 0:02:56]}
6. Bd3 {[%clk 0:03:03]} Bb7 {[%clk 0:02:56]} 7. O-O {[%clk 0:02:59]} Nd7
{[%clk 0:02:51]} 8. a4 {[%clk 0:02:58]} b4 {[%clk 0:02:49]} 9. Ne2
{[%clk 0:02:58]} c5 {[%clk 0:02:30]} 10. c3 {[%clk 0:02:59]} e6 {[%clk 0:02:07]}
11. f5 {[%clk 0:02:42]} exf5 {[%clk 0:02:02]} 12. exf5 {[%clk 0:02:43]} Ngf6
{[%clk 0:01:59]} 13. Bf4 {[%clk 0:02:00]} Qc7 {[%clk 0:02:00]} 14. cxb4
{[%clk 0:01:59]} cxb4 {[%clk 0:01:55]} 15. Rc1 {[%clk 0:02:00]} Qb8
{[%clk 0:01:57]} 16. Bc4 {[%clk 0:01:18]} O-O {[%clk 0:01:55]} 17. fxg6
{[%clk 0:01:15]} hxg6 {[%clk 0:01:56]} 18. Qb3 {[%clk 0:01:13]} Nb6
{[%clk 0:01:50]} 19. Qxb4 {[%clk 0:00:40]} Nxc4 {[%clk 0:01:49]} 20. Qxc4
{[%clk 0:00:41]} Bd5 {[%clk 0:01:11]} 21. Qd3 {[%clk 0:00:37]} Be4
{[%clk 0:00:51]} 22. Qd2 {[%clk 0:00:38]} Nd5 {[%clk 0:00:47]} 23. Bh6
{[%clk 0:00:37]} Qb4 {[%clk 0:00:26]} 24. Bxg7 {[%clk 0:00:35]} Kxg7
{[%clk 0:00:27]} 25. Qxb4 {[%clk 0:00:21]} Nxb4 {[%clk 0:00:28]} 26. Ng3
{[%clk 0:00:18]} Bd5 {[%clk 0:00:27]} 27. Rc7 {[%clk 0:00:17]} Rac8
{[%clk 0:00:23]} 28. Rfc1 {[%clk 0:00:18]} Rxc7 {[%clk 0:00:21]} 29. Rxc7
{[%clk 0:00:19]} Re8 {[%clk 0:00:19]} 30. Rd7 {[%clk 0:00:13]} Re6
{[%clk 0:00:15]} 31. h4 Bc6 {[%clk 0:00:15]} 32. Rc7 {[%clk 0:00:05]} Bxf3
{[%clk 0:00:09]} 33. gxf3 {[%clk 0:00:06]} Re3 {[%clk 0:00:08]} 34. Kf2
{[%clk 0:00:04]} Rb3 {[%clk 0:00:09]} 35. Ne4 {[%clk 0:00:05]} Nd5
{[%clk 0:00:05]} 36. Ra7 {[%clk 0:00:06]} Rxb2+ {[%clk 0:00:04]} 37. Nxd6
{[%clk 0:00:06]} 0-1

[Event "Russian Championship (men blitz)"]
[Site "Sochi"]
[Date "2017.10.02"]
[Round "3.17"]
[White "Zakaryan, David"]
[Black "Rakhmanov, Aleksandr"]
[Result "0-1"]
[LiveChessVersion "1.4.8"]
[BlackElo "2600"]
[WhiteElo "2349"]

1. d4 {[%clk 0:03:03]} Nf6 {[%clk 0:03:03]} 2. Nf3 {[%clk 0:03:04]} g6
{[%clk 0:03:04]} 3. c3 {[%clk 0:03:05]} Bg7 {[%clk 0:03:05]} 4. Bg5
{[%clk 0:03:05]} O-O {[%clk 0:03:03]} 5. Nbd2 {[%clk 0:03:06]} d6
{[%clk 0:02:59]} 6. e4 {[%clk 0:03:03]} Nc6 {[%clk 0:02:59]} 7. Bb5
{[%clk 0:02:59]} a6 {[%clk 0:03:00]} 8. Bd3 {[%clk 0:02:55]} e5 {[%clk 0:03:00]}
9. O-O {[%clk 0:02:54]} Qe8 {[%clk 0:03:01]} 10. Re1 {[%clk 0:02:54]} h6
{[%clk 0:03:01]} 11. dxe5 {[%clk 0:02:44]} hxg5 {[%clk 0:02:46]} 12. exf6
{[%clk 0:02:44]} Bxf6 {[%clk 0:02:47]} 13. Nc4 {[%clk 0:02:33]} g4
{[%clk 0:02:38]} 14. Nfd2 {[%clk 0:02:33]} Ne5 {[%clk 0:02:26]} 15. Be2
{[%clk 0:02:25]} Nxc4 {[%clk 0:02:16]} 16. Bxc4 {[%clk 0:02:19]} Qe5
{[%clk 0:02:12]} 17. Nf1 {[%clk 0:02:17]} Kg7 {[%clk 0:02:03]} 18. Qd5
{[%clk 0:02:16]} c6 {[%clk 0:01:58]} 19. Qxe5 {[%clk 0:02:16]} dxe5
{[%clk 0:01:37]} 20. a4 {[%clk 0:02:13]} Bd7 {[%clk 0:01:32]} 21. Red1
{[%clk 0:02:12]} Rad8 {[%clk 0:01:33]} 22. Ne3 {[%clk 0:01:48]} Bg5
{[%clk 0:01:34]} 23. a5 {[%clk 0:01:02]} Bc8 {[%clk 0:01:25]} 24. Kf1
{[%clk 0:00:58]} f5 {[%clk 0:01:25]} 25. Ke1 {[%clk 0:00:32]} Rxd1+
{[%clk 0:01:12]} 26. Rxd1 {[%clk 0:00:32]} Rh8 {[%clk 0:01:13]} 27. Nf1
{[%clk 0:00:23]} Be7 {[%clk 0:01:10]} 28. b4 {[%clk 0:00:11]} Kf6
{[%clk 0:01:11]} 29. f3 {[%clk 0:00:08]} gxf3 {[%clk 0:01:10]} 30. gxf3
{[%clk 0:00:09]} Kg5 {[%clk 0:01:06]} 31. Kf2 {[%clk 0:00:08]} Kf4
{[%clk 0:01:05]} 32. exf5 {[%clk 0:00:04]} gxf5 {[%clk 0:01:04]} 33. Bb3
{[%clk 0:00:04]} e4 {[%clk 0:00:57]} 34. Bc2 {[%clk 0:00:05]} Bf6
{[%clk 0:00:48]} 35. c4 {[%clk 0:00:05]} Bc3 {[%clk 0:00:42]} 36. Rb1
{[%clk 0:00:05]} Bd4+ {[%clk 0:00:42]} 37. Ke2 {[%clk 0:00:05]} exf3+
{[%clk 0:00:42]} 38. Kd3 {[%clk 0:00:06]} Rd8 {[%clk 0:00:37]} 39. b5
{[%clk 0:00:06]} Be5# {[%clk 0:00:32]} 40. Kd4 0-1

[Event "Russian Championship (men blitz)"]
[Site "Sochi"]
[Date "2017.10.02"]
[Round "4.12"]
[White "Antonenko, Vladimir"]
[Black "Savchenko, Boris"]
[Result "1/2-1/2"]
[LiveChessVersion "1.4.8"]
[BlackElo "2630"]
[WhiteElo "2423"]

1. d4 {[%clk 0:03:03]} Nf6 {[%clk 0:03:02]} 2. c4 {[%clk 0:03:05]} g6
{[%clk 0:03:03]} 3. Nc3 {[%clk 0:03:06]} d5 {[%clk 0:03:04]} 4. Bg5
{[%clk 0:03:07]} Ne4 {[%clk 0:03:06]} 5. Bh4 {[%clk 0:03:08]} Nxc3
{[%clk 0:03:06]} 6. bxc3 {[%clk 0:03:08]} dxc4 {[%clk 0:03:07]} 7. e3
{[%clk 0:03:09]} Be6 {[%clk 0:03:08]} 8. Nf3 {[%clk 0:03:10]} Bg7
{[%clk 0:03:08]} 9. Qb1 {[%clk 0:03:11]} c5 {[%clk 0:03:06]} 10. Qxb7
{[%clk 0:02:48]} Bd5 {[%clk 0:01:14]} 11. Qb5+ {[%clk 0:02:43]} Nd7
{[%clk 0:01:07]} 12. Bxc4 {[%clk 0:02:40]} Bxf3 {[%clk 0:00:55]} 13. gxf3
{[%clk 0:02:39]} O-O {[%clk 0:00:55]} 14. O-O {[%clk 0:02:24]} Rb8
{[%clk 0:00:56]} 15. Qa6 {[%clk 0:02:09]} Nb6 {[%clk 0:00:57]} 16. Bb3
{[%clk 0:01:58]} Qc7 {[%clk 0:00:55]} 17. Bg3 {[%clk 0:01:43]} e5
{[%clk 0:00:56]} 18. Rad1 {[%clk 0:01:32]} c4 {[%clk 0:00:55]} 19. Bc2
{[%clk 0:01:30]} Nd5 {[%clk 0:00:48]} 20. Qa3 {[%clk 0:01:31]} Rfd8
{[%clk 0:00:46]} 21. Be4 {[%clk 0:01:16]} Bf8 {[%clk 0:00:24]} 22. Qc1
{[%clk 0:01:16]} Qa5 {[%clk 0:00:12]} 23. Bxd5 {[%clk 0:00:58]} Ba3
{[%clk 0:00:12]} 24. Qc2 {[%clk 0:00:50]} Rxd5 {[%clk 0:00:13]} 25. dxe5
{[%clk 0:00:27]} Rbd8 {[%clk 0:00:13]} 26. Rd4 {[%clk 0:00:26]} Bc5
{[%clk 0:00:13]} 27. Rxc4 {[%clk 0:00:25]} Rd2 {[%clk 0:00:13]} 28. Qa4
{[%clk 0:00:22]} Qb6 {[%clk 0:00:14]} 29. Bh4 {[%clk 0:00:18]} Rb8
{[%clk 0:00:10]} 30. Re4 {[%clk 0:00:12]} Qe6 {[%clk 0:00:11]} 31. Qc4
{[%clk 0:00:11]} Rd5 {[%clk 0:00:09]} 32. Bg3 {[%clk 0:00:10]} Rc8
{[%clk 0:00:10]} 33. Qe2 {[%clk 0:00:10]} Rd7 {[%clk 0:00:11]} 34. Ra4
{[%clk 0:00:11]} Bb6 {[%clk 0:00:12]} 35. c4 {[%clk 0:00:08]} h5 {[%clk 0:00:12]}
36. h4 {[%clk 0:00:08]} Rcd8 {[%clk 0:00:14]} 37. Qc2 {[%clk 0:00:07]} Rd2
{[%clk 0:00:14]} 38. Qe4 {[%clk 0:00:09]} Re2 {[%clk 0:00:14]} 39. Ra3
{[%clk 0:00:07]} Rdd2 {[%clk 0:00:14]} 40. Rc3 {[%clk 0:00:06]} Kh7
{[%clk 0:00:15]} 41. c5 {[%clk 0:00:07]} Ba5 {[%clk 0:00:13]} 42. Rc4
{[%clk 0:00:07]} Rxa2 {[%clk 0:00:13]} 43. c6 {[%clk 0:00:09]} Bc7
{[%clk 0:00:15]} 44. Qd4 {[%clk 0:00:05]} Qh3 {[%clk 0:00:15]} 45. Qf4
{[%clk 0:00:05]} f6 {[%clk 0:00:15]} 46. Re4 {[%clk 0:00:03]} Kg8
{[%clk 0:00:11]} 47. Rc4 {[%clk 0:00:03]} Bxe5 {[%clk 0:00:12]} 48. Qe4
{[%clk 0:00:03]} Qxg3+ {[%clk 0:00:13]} 49. Qf4 1/2-1/2

[Event "Russian Championship (men blitz)"]
[Site "Sochi"]
[Date "2017.10.02"]
[Round "4.14"]
[White "Utnasunov, Alexander"]
[Black "Grachev, Boris"]
[Result "0-1"]
[LiveChessVersion "1.4.8"]
[BlackElo "2625"]
[WhiteElo "2380"]

1. d4 {[%clk 0:03:03]} d5 {[%clk 0:03:02]} 2. c4 {[%clk 0:03:04]} e6
{[%clk 0:03:04]} 3. Nc3 {[%clk 0:03:04]} Nf6 {[%clk 0:03:05]} 4. cxd5
{[%clk 0:03:05]} exd5 {[%clk 0:03:05]} 5. Bg5 {[%clk 0:03:06]} c6
{[%clk 0:03:06]} 6. e3 {[%clk 0:03:07]} Bf5 {[%clk 0:03:04]} 7. Qf3
{[%clk 0:03:07]} Bg6 {[%clk 0:03:05]} 8. Bxf6 {[%clk 0:03:08]} Qxf6
{[%clk 0:03:05]} 9. Qxf6 {[%clk 0:03:09]} gxf6 {[%clk 0:03:06]} 10. Kd2
{[%clk 0:02:45]} Nd7 {[%clk 0:03:05]} 11. Bd3 {[%clk 0:02:45]} Nb6
{[%clk 0:03:05]} 12. b3 {[%clk 0:02:42]} a5 {[%clk 0:02:52]} 13. Nge2
{[%clk 0:02:32]} Nc8 {[%clk 0:02:41]} 14. h4 {[%clk 0:02:28]} Nd6
{[%clk 0:02:35]} 15. h5 {[%clk 0:02:17]} Bxd3 {[%clk 0:02:34]} 16. Kxd3
{[%clk 0:02:18]} Rg8 {[%clk 0:02:32]} 17. g3 {[%clk 0:02:14]} f5 {[%clk 0:02:28]}
18. f3 {[%clk 0:01:36]} Bh6 {[%clk 0:02:28]} 19. Rhg1 {[%clk 0:01:27]} Kd7
{[%clk 0:02:22]} 20. Na4 {[%clk 0:01:21]} Rae8 {[%clk 0:02:22]} 21. Nf4
{[%clk 0:01:14]} Rg7 {[%clk 0:02:00]} 22. Rg2 {[%clk 0:00:52]} f6
{[%clk 0:01:55]} 23. Nc5+ {[%clk 0:00:51]} Kc8 {[%clk 0:01:48]} 24. Kd2
{[%clk 0:00:38]} Rge7 {[%clk 0:01:38]} 25. Re1 {[%clk 0:00:39]} b6
{[%clk 0:01:37]} 26. Ncd3 {[%clk 0:00:39]} Kb7 {[%clk 0:01:35]} 27. Rge2
{[%clk 0:00:32]} a4 {[%clk 0:01:12]} 28. Rc1 {[%clk 0:00:32]} axb3
{[%clk 0:00:59]} 29. axb3 {[%clk 0:00:33]} Nb5 {[%clk 0:00:59]} 30. Ke1
{[%clk 0:00:32]} Rxe3 {[%clk 0:00:49]} 31. Rxe3 {[%clk 0:00:14]} Rxe3+
{[%clk 0:00:49]} 32. Kf2 {[%clk 0:00:15]} Rxd3 {[%clk 0:00:47]} 33. Nxd3
{[%clk 0:00:16]} Bxc1 34. Nxc1 {[%clk 0:00:17]} Nxd4 {[%clk 0:00:48]} 35. Ke3
{[%clk 0:00:19]} Ne6 {[%clk 0:00:48]} 36. Kd4 0-1

[Event "Russian Championship (men blitz)"]
[Site "Sochi"]
[Date "2017.10.02"]
[Round "5.8"]
[White "Timofeev, Artyom"]
[Black "Palchun, Grigory"]
[Result "1/2-1/2"]
[LiveChessVersion "1.4.8"]
[BlackElo "2319"]
[WhiteElo "2619"]

1. c4 {[%clk 0:03:03]} e5 {[%clk 0:03:03]} 2. d3 {[%clk 0:03:03]} Nc6
{[%clk 0:03:04]} 3. Nc3 {[%clk 0:03:03]} g6 {[%clk 0:03:05]} 4. g3
{[%clk 0:03:03]} Bg7 {[%clk 0:03:06]} 5. Bg2 {[%clk 0:03:04]} d6 {[%clk 0:03:08]}
6. e3 {[%clk 0:03:05]} f5 {[%clk 0:03:09]} 7. Nge2 {[%clk 0:03:06]} Nf6
{[%clk 0:03:11]} 8. Rb1 {[%clk 0:03:07]} O-O {[%clk 0:03:09]} 9. O-O
{[%clk 0:03:03]} Be6 {[%clk 0:02:59]} 10. Nd5 {[%clk 0:03:02]} Rb8
{[%clk 0:02:59]} 11. Nec3 {[%clk 0:03:00]} Ne7 {[%clk 0:02:52]} 12. b4
{[%clk 0:03:00]} c6 {[%clk 0:02:45]} 13. Nxf6+ {[%clk 0:02:54]} Bxf6
{[%clk 0:02:46]} 14. b5 {[%clk 0:02:55]} d5 {[%clk 0:02:42]} 15. bxc6
{[%clk 0:02:54]} bxc6 {[%clk 0:02:43]} 16. Qa4 {[%clk 0:02:22]} e4
{[%clk 0:02:29]} 17. cxd5 {[%clk 0:02:17]} cxd5 {[%clk 0:02:12]} 18. Rxb8
{[%clk 0:02:14]} Qxb8 {[%clk 0:02:13]} 19. Ba3 {[%clk 0:02:01]} Bxc3
{[%clk 0:01:57]} 20. Bxe7 {[%clk 0:02:02]} Rf7 {[%clk 0:01:59]} 21. Bc5
{[%clk 0:02:01]} exd3 {[%clk 0:01:54]} 22. Bd4 {[%clk 0:02:02]} Bxd4
{[%clk 0:01:17]} 23. Qxd4 {[%clk 0:02:02]} Qb5 {[%clk 0:01:18]} 24. Rc1
{[%clk 0:01:51]} Rb7 {[%clk 0:01:09]} 25. Qe5 {[%clk 0:01:09]} Kf7
{[%clk 0:01:04]} 26. Qh8 {[%clk 0:01:07]} d2 {[%clk 0:00:59]} 27. Qxh7+
{[%clk 0:01:07]} Kf6 {[%clk 0:00:49]} 28. Qh8+ {[%clk 0:01:04]} Kf7
{[%clk 0:00:50]} 29. Qh7+ {[%clk 0:01:05]} Kf6 {[%clk 0:00:50]} 30. Qh8+
{[%clk 0:01:06]} Kf7 {[%clk 0:00:52]} 31. Qh7+ {[%clk 0:01:00]} Kf6
{[%clk 0:00:53]} 32. Qh8+ {[%clk 0:01:01]} Ke5 1/2-1/2

[Event "Russian Championship (men blitz)"]
[Site "Sochi"]
[Date "2017.10.02"]
[Round "6.3"]
[White "Demidov, Mikhail"]
[Black "Sjugirov, Sanan"]
[Result "1/2-1/2"]
[LiveChessVersion "1.4.8"]
[BlackElo "2637"]
[WhiteElo "2555"]

1. Nf3 {[%clk 0:03:02]} Nf6 {[%clk 0:03:03]} 2. g3 {[%clk 0:03:03]} d5
{[%clk 0:03:04]} 3. Bg2 {[%clk 0:03:04]} c6 {[%clk 0:03:04]} 4. O-O
{[%clk 0:03:04]} Bg4 {[%clk 0:03:05]} 5. b3 {[%clk 0:03:03]} Nbd7
{[%clk 0:03:06]} 6. Bb2 {[%clk 0:03:04]} e6 {[%clk 0:03:05]} 7. c4
{[%clk 0:03:04]} Bd6 {[%clk 0:03:04]} 8. d3 {[%clk 0:03:05]} O-O {[%clk 0:02:37]}
9. Qc2 {[%clk 0:03:03]} a5 {[%clk 0:02:28]} 10. Nc3 {[%clk 0:03:02]} Qe7
{[%clk 0:02:25]} 11. h3 {[%clk 0:02:44]} Bh5 {[%clk 0:02:24]} 12. a3
{[%clk 0:02:35]} Rfe8 {[%clk 0:02:19]} 13. Rfe1 {[%clk 0:02:18]} Bg6
{[%clk 0:02:12]} 14. Nh4 {[%clk 0:02:15]} d4 {[%clk 0:02:05]} 15. Nxg6
{[%clk 0:02:14]} hxg6 {[%clk 0:02:06]} 16. Nb1 {[%clk 0:02:00]} Bc5
{[%clk 0:01:57]} 17. Nd2 {[%clk 0:01:55]} e5 {[%clk 0:01:56]} 18. Bc1
{[%clk 0:01:21]} Nf8 {[%clk 0:01:47]} 19. Qb2 {[%clk 0:01:21]} Ne6
{[%clk 0:01:26]} 20. Rb1 {[%clk 0:01:23]} Bd6 {[%clk 0:01:25]} 21. b4
{[%clk 0:01:22]} axb4 {[%clk 0:01:26]} 22. axb4 {[%clk 0:01:24]} Qc7
{[%clk 0:01:10]} 23. c5 {[%clk 0:01:18]} Bf8 {[%clk 0:01:10]} 24. Nc4
{[%clk 0:01:19]} Rad8 {[%clk 0:01:05]} 25. Ra1 {[%clk 0:01:15]} Nd5
{[%clk 0:01:05]} 26. Bd2 {[%clk 0:01:16]} f5 {[%clk 0:00:42]} 27. Qb3
{[%clk 0:01:13]} Kh7 {[%clk 0:00:41]} 28. Ra7 {[%clk 0:01:11]} Qb8
{[%clk 0:00:31]} 29. Rea1 {[%clk 0:01:12]} Nf6 {[%clk 0:00:29]} 30. Qb1
{[%clk 0:00:57]} Nc7 {[%clk 0:00:21]} 31. R7a2 {[%clk 0:00:36]} Nb5
{[%clk 0:00:20]} 32. Nb6 {[%clk 0:00:31]} Qc7 {[%clk 0:00:20]} 33. Ra8
{[%clk 0:00:29]} Rxa8 {[%clk 0:00:21]} 34. Rxa8 {[%clk 0:00:26]} Rxa8
{[%clk 0:00:22]} 35. Nxa8 {[%clk 0:00:27]} Qf7 {[%clk 0:00:20]} 36. Nb6
{[%clk 0:00:22]} Qe6 {[%clk 0:00:17]} 37. e3 {[%clk 0:00:18]} dxe3
{[%clk 0:00:12]} 38. Bxe3 {[%clk 0:00:19]} Be7 {[%clk 0:00:11]} 39. Qa1
{[%clk 0:00:16]} Bd8 {[%clk 0:00:11]} 40. Qa8 {[%clk 0:00:15]} Bxb6
{[%clk 0:00:10]} 41. cxb6 {[%clk 0:00:16]} Qd7 {[%clk 0:00:10]} 42. Qb8
{[%clk 0:00:12]} e4 {[%clk 0:00:05]} 43. dxe4 {[%clk 0:00:15]} Nxe4
{[%clk 0:00:06]} 44. Bxe4 {[%clk 0:00:13]} fxe4 {[%clk 0:00:08]} 45. Kg2
{[%clk 0:00:12]} Nc3 {[%clk 0:00:07]} 46. Qc7 {[%clk 0:00:07]} Qd1
{[%clk 0:00:04]} 47. Qe7 {[%clk 0:00:04]} Qf3+ {[%clk 0:00:04]} 48. Kh2
{[%clk 0:00:05]} Nd5 {[%clk 0:00:04]} 49. Qh4+ {[%clk 0:00:06]} Kg8
{[%clk 0:00:06]} 50. Qd8+ {[%clk 0:00:07]} Kh7 {[%clk 0:00:06]} 51. Qh4+
{[%clk 0:00:08]} Kg8 {[%clk 0:00:08]} 52. Qd8+ {[%clk 0:00:09]} Kh7
{[%clk 0:00:09]} 53. Qh4+ {[%clk 0:00:10]} Kg8 {[%clk 0:00:08]} 54. Qd8+
{[%clk 0:00:12]} Qf8 {[%clk 0:00:06]} 55. Qxf8+ {[%clk 0:00:09]} Kxf8
{[%clk 0:00:07]} 56. Bc5+ {[%clk 0:00:10]} Kf7 {[%clk 0:00:08]} 57. g4
{[%clk 0:00:11]} g5 {[%clk 0:00:07]} 58. Kg3 {[%clk 0:00:12]} Ke6
{[%clk 0:00:07]} 59. h4 {[%clk 0:00:11]} gxh4+ {[%clk 0:00:04]} 60. Kxh4
{[%clk 0:00:12]} Kf6 {[%clk 0:00:05]} 61. Bd4+ {[%clk 0:00:11]} Kg6
{[%clk 0:00:05]} 62. Bc5 {[%clk 0:00:12]} Kf6 {[%clk 0:00:06]} 63. Bd4+
{[%clk 0:00:14]} Kg6 {[%clk 0:00:08]} 64. Bc5 {[%clk 0:00:15]} Nf4
{[%clk 0:00:07]} 65. Kg3 {[%clk 0:00:15]} Nd3 {[%clk 0:00:08]} 66. f4
{[%clk 0:00:15]} exf3 {[%clk 0:00:05]} 67. Kxf3 {[%clk 0:00:16]} Kf6
{[%clk 0:00:05]} 68. Ke4 {[%clk 0:00:16]} Nxc5+ {[%clk 0:00:05]} 69. bxc5
{[%clk 0:00:17]} Ke6 {[%clk 0:00:06]} 70. Kd4 {[%clk 0:00:15]} Kf6
{[%clk 0:00:06]} 71. Ke4 {[%clk 0:00:17]} Ke6 {[%clk 0:00:06]} 72. Kd4
{[%clk 0:00:18]} Kf6 {[%clk 0:00:06]} 73. Ke4 Ke5+ 1/2-1/2